01356nam a2200157 a 4500008004100000020001500041041000800056100002000064245003400084250006100118260003800179300001100217500007200228505088300300655001501183180528e1999 sp ||||g |||| 00| f spa d a8401012317 aspa1 aSteel, Danielle 3aEl fantasma /cDanielle Steel a1a ed.bTraducción Matuca Fernández de Villavicencio aBarcelona:bPlaza & Janes;c1999. a285 p. aSteel, D. (1999). El fantasma. (1a ed.). Barcelona : Plaza & Janes. aEn El Fantasma Danielle Steel nos ofrece una nueva historia tan conmovedora como apasionante. La vida de Charles, un prestigioso arquitecto, se desmorona por completo cuando su esposa, de la que está perdidamente enamorado, le abandona por otro hombre. Desesperado, abandona Londres y vuelve a Nueva York. Pero tampoco allí le van bien las cosas y decide pasar una temporada en un pequeño pueblo de Vermont para poner en orden su existencia. Sin embargo, no imagina que una ejemplarizante historia de amor, ocurrida muchos años atrás en una peculiar mansión, le permitirá reorganizar su vida dándole un sentido que ya creía perdido para siempre... El fantasma es una de las mejores novelas de Danielle Steel, la autora más leída del mundo, y su trama romántica, agridulce y a su vez esperanzadora hace las delicias del lector hasta la última página.  aLiteratura